<?xml version="1.0" encoding="UTF-8"?>
<record
    xmlns:xsi="http://www.w3.org/2001/XMLSchema-instance"
    xsi:schemaLocation="http://www.loc.gov/MARC21/slim http://www.loc.gov/standards/marcxml/schema/MARC21slim.xsd"
    xmlns="http://www.loc.gov/MARC21/slim">

  <leader>00552nam a2200169Ia 4500</leader>
  <controlfield tag="008">100204s9999    xx            000 0 und d</controlfield>
  <datafield tag="082" ind1=" " ind2=" ">
    <subfield code="b">28226</subfield>
  </datafield>
  <datafield tag="100" ind1=" " ind2=" ">
    <subfield code="a">&#x913;&#x936;&#x94B;</subfield>
  </datafield>
  <datafield tag="245" ind1=" " ind2=" ">
    <subfield code="a">&#x935;&#x94D;&#x92F;&#x938;&#x94D;&#x924; &#x91C;&#x940;&#x935;&#x928;&#x93E;&#x924; &#x908;&#x936;&#x94D;&#x935;&#x930;&#x93E;&#x91A;&#x93E; &#x936;&#x94B;&#x927;</subfield>
  </datafield>
  <datafield tag="250" ind1=" " ind2=" ">
    <subfield code="a">0</subfield>
  </datafield>
  <datafield tag="260" ind1=" " ind2=" ">
    <subfield code="c">2008</subfield>
  </datafield>
  <datafield tag="300" ind1=" " ind2=" ">
    <subfield code="a">162</subfield>
  </datafield>
  <datafield tag="630" ind1=" " ind2=" ">
    <subfield code="a">&#x935;&#x94D;&#x92F;&#x938;&#x94D;&#x924; &#x91C;&#x940;&#x935;&#x928;&#x93E;&#x924; &#x908;&#x936;&#x94D;&#x935;&#x930;&#x93E;&#x91A;&#x93E; &#x936;&#x94B;&#x927;</subfield>
  </datafield>
  <datafield tag="700" ind1=" " ind2=" ">
    <subfield code="a">&#x92E;&#x93E;&#x902;&#x921;&#x947;   &#x905;&#x930;&#x941;&#x923;</subfield>
  </datafield>
  <datafield tag="730" ind1=" " ind2=" ">
    <subfield code="a">&#x935;&#x94D;&#x92F;&#x938;&#x94D;&#x924; &#x91C;&#x940;&#x935;&#x928;&#x93E;&#x924; &#x908;&#x936;&#x94D;&#x935;&#x930;&#x93E;&#x91A;&#x93E; &#x936;&#x94B;&#x927;</subfield>
  </datafield>
  <datafield tag="942" ind1=" " ind2=" ">
    <subfield code="c">BOOK</subfield>
  </datafield>
  <datafield tag="999" ind1=" " ind2=" ">
    <subfield code="c">473395</subfield>
    <subfield code="d">473392</subfield>
  </datafield>
  <datafield tag="952" ind1=" " ind2=" ">
    <subfield code="0">0</subfield>
    <subfield code="1">0</subfield>
    <subfield code="4">0</subfield>
    <subfield code="7">0</subfield>
    <subfield code="a">NCKMULUND</subfield>
    <subfield code="b">NCKMULUND</subfield>
    <subfield code="d">2008-06-27</subfield>
    <subfield code="g">140.00</subfield>
    <subfield code="l">0</subfield>
    <subfield code="o">28226</subfield>
    <subfield code="p">NCKMULUND-28226</subfield>
    <subfield code="r">2010-02-04 00:00:00</subfield>
    <subfield code="v">140.00</subfield>
    <subfield code="w">2010-02-04</subfield>
    <subfield code="y">BOOK</subfield>
  </datafield>
</record>
